00000000cam 2200000zi 4500
0019.906665
003CaOODSP
00520260317134723
006m     o  d f      
007cr mn|||||||||
008220107t20222022onca    ob   f000 0 eng d
040 |aCaOODSP|beng|erda|cCaOODSP
043 |an-cn---
0861 |aP29-0012-008-2022E-PDF
24500|aInsulating glass units.
250 |a[January 2022 edition].
264 1|aOttawa, Ontario : |bCanadian General Standards Board = Office des normes générales du Canada : |bStandards Council of Canada = Conseil canadien des normes, |c2022.
264 4|c©2022
300 |a1 online resource (i, 22 pages) : |billustrations.
336 |atext|btxt|2rdacontent
337 |acomputer|bc|2rdamedia
338 |aonline resource|bcr|2rdacarrier
4901 |aNational standard of Canada ; |vCAN/CGSB-12.8-2017
500 |a"Reaffirmed January 2022."
500 |a"Experience and excellence"--Cover.
500 |aIssued also in French under title: Vitrages isolants.
504 |aIncludes bibliographical references (page 22).
520 |a"This standard applies to sealed insulating glass (IG) units used in windows, doors and curtain walls in building envelopes. It includes requirements for the testing of samples for the integrity and durability of the unit’s hermetic seal and if applicable, gas concentration"--Scope, page 1.
650 0|aSealed double glazing|xStandards|zCanada.
7102 |aStandards Council of Canada, |eissuing body.
7102 |aCanadian General Standards Board, |eissuing body.
77508|tVitrages isolants.|w(CaOODSP)9.906670
794 |tInsulating glass units.|b[March 2026 edition]|w(CaOODSP)9.960772
795 |tInsulating glass units |b[May 2017 edition]|w(CaOODSP)9.837801
830#0|aNational standard of Canada ;|vCAN/CGSB-12.8-2017.|w(CaOODSP)9.507848
85640|qPDF|s2.64 MB|uhttps://publications.gc.ca/collections/collection_2022/ongc-cgsb/P29-0012-008-2022-eng.pdf
986 |aICS 81.040.20